|
|
|
|
| LEADER |
02058cas a2200241 a 4500 |
| 001 |
AALejournalIMF015405 |
| 008 |
230101c9999 xx r poo 0 0eng d |
| 020 |
|
|
|c 5.00 USD
|
| 020 |
|
|
|z 9781513523088
|
| 022 |
|
|
|a 1934-7685
|
| 040 |
|
|
|a BD-DhAAL
|c BD-DhAAL
|
| 110 |
2 |
|
|a International Monetary Fund.
|b European Dept.
|
| 245 |
1 |
0 |
|a Euro Area Policies :
|b Selected Issues.
|
| 264 |
|
1 |
|a Washington, D.C. :
|b International Monetary Fund,
|c 2015.
|
| 300 |
|
|
|a 1 online resource (112 pages)
|
| 490 |
1 |
|
|a IMF Staff Country Reports
|
| 500 |
|
|
|a <strong>Off-Campus Access:</strong> No User ID or Password Required
|
| 500 |
|
|
|a <strong>On-Campus Access:</strong> No User ID or Password Required
|
| 506 |
|
|
|a Electronic access restricted to authorized BRAC University faculty, staff and students
|
| 520 |
3 |
|
|a This Selected Issues paper discusses the risks of low growth and inflation over the medium term for the euro area. It examines the consequences of longer term trends that predate the crisis and the progress made in addressing the crisis legacies of high unemployment and debt. The paper illustrates, in a downside scenario, how low potential growth and crisis legacies leave the euro area vulnerable to the risks of stagnation. The weak medium-term prospect and limited policy space leave the euro area vulnerable to shocks that could lead to a prolonged period of low growth and inflation. Model simulations suggest that a modest shock to investor confidence could push up risk premia and real interest rates, as policy space is constrained at the zero lower bound and fiscal policy space to provide stimulus is limited. Moreover, the lingering crisis legacies of high debt and unemployment could amplify the original shocks, creating a bad feedback loop and keeping the economy stuck in equilibrium of stagnation.
|
| 538 |
|
|
|a Mode of access: Internet
|
| 830 |
|
0 |
|a IMF Staff Country Reports; Country Report ;
|v No. 2015/205
|
| 856 |
4 |
0 |
|z Full text available on IMF
|u http://elibrary.imf.org/view/journals/002/2015/205/002.2015.issue-205-en.xml
|z IMF e-Library
|